Stadtteile Dortmunds - mit Karte - Statistiken

Allgemein
  • Dieses Quiz wurde 283 mal gespielt
  • Das Durchschnittsergebnis liegt bei 27 aus 62
Antworten auf der Karte
Die Antworten werden auf der Karte rot bzw. grün angezeigt, abhängig davon wie oft sie richtig erraten wurden.
 
Antwortstatistiken
Stadtteile % Korrekt
Aplerbeck
79%
Hörde
79%
Brackel
72%
Dorstfeld
72%
Dorstfelder Brücke
72%
Lütgendortmund
71%
Eving
69%
Alt-Scharnhorst
68%
Mengede
68%
Scharnhorst-Ost
68%
Hombruch
64%
Wickede
64%
Huckarde
61%
Kirchderne
58%
Barop
57%
City
56%
Derne
55%
Marten
55%
Oespel
54%
Kley
53%
Asseln
51%
Brechten
49%
Kirchhörde-Löttringhausen
49%
Wambel
49%
Kurl-Husen
48%
Hafen
46%
Wellinghofen
45%
Sölde
43%
Syburg
43%
Westerfilde
43%
Bövinghausen
42%
Eichlinghofen
42%
Persebruck-Kruckel-Schnee
42%
Sölderholz
42%
Hacheney
41%
Kirchlinde
40%
Nette
40%
Schüren
40%
Lanstrop
38%
Brünninghausen
36%
Borsigplatz
34%
Berghofen
33%
Oestrich
33%
Holzen
32%
Jungferntal-Rahm
31%
Benninghofen
30%
Deusen
29%
Rombergpark-Lücklemberg
29%
Bodelschwingh
28%
Lindenhorst
28%
Westrich
28%
Westfalenhalle
26%
Wichlinghofen
22%
Nordmarkt
20%
Holthausen
18%
Menglinghausen
18%
Bittermark
17%
Hostedde
17%
Westfalendamm
17%
Schwieringhausen
15%
Kaiserbrunnen
13%
Ruhrallee
13%
Keine übereinstimmenden Quizze gefunden
Verteilung der Resultate
Anzahl Personen mit jedem Resultat
Perzentil nach korrekt beantworteten Fragen
Ihre Resultats-Entwicklung
Sie haben dieses Quiz noch nicht gespielt